000 00584nam a22002417a 4500
003 UA-OsUOA
001 234
007 ta
008 20050525b un ||||| |||| 00| 0 ukr d
100 _aХодасевич В. Ф.
090 _a929
_bХ69
942 _cBK
040 _aUA-OsUOA
_brus
_cUA-OsUOA
_dUA-OsUOA
245 _aДержавин
300 _a283 с.
955 _a2
041 _arus
080 _a929
020 _a5-244-00346-1
260 _aМ.
_bМысль
_c1988
650 7 _a9 Географія. Біографії. Історія
_2UDC
999 _c286398
_d286398